000 00365nam a2200157Ia 4500
008 191201s2008 xx 000 0 und d
020 _a9780074635575
082 _a005.133
_bCOV
100 _aCORNELL, Gary
245 0 _aVisual Basic 6 from the Ground Up
250 _aRep.
260 _aN.Delhi
_bTMH
_c2008
300 _a932
650 _aMCA
942 _2ddc
_cBK
999 _c3712
_d3712